Normal view
MARC view
- صور تاليف الكلام عند ابن هشام-قواعد لغة عربية-ابن هشام
Entry Topical Term
001 - CONTROL NUMBER
- control field: 7787
003 - CONTROL NUMBER IDENTIFIER
- control field: JO-AjAnu
005 - DATE AND TIME OF LATEST TRANSACTION
- control field: 20230606071546.0
008 - FIXED-LENGTH DATA ELEMENTS
- fixed length control field: 230606|| aca||aabn | a|a d
040 ## - CATALOGING SOURCE
- Original cataloging agency: JO-AjAnu
- Transcribing agency: JO-AjAnu
150 ## - HEADING--TOPICAL TERM
- Topical term or geographic name entry element: صور تاليف الكلام عند ابن هشام-قواعد لغة عربية-ابن هشام
670 ## - SOURCE DATA FOUND
- Source citation: Work cat.: (JO-AjAnu)4024: تاليف نحلة، محمود أحمد, author 7786, صور تأليف الكلام عند ابن هشام